00451nam a2200157Ia 4500008004100000020001500041082001600056100002600072245002900098250000700127260004100134300002800175500001900203600002100222650005000243240925s9999 xx 000 0 und d a8176560316 a005.133 PET aPetroutsos, Evangelos 0aMastering Visual Basic 6 aNA aNew Jersey:bPrintice- Hall Int.cNA axv,282p.bNAfPhotocopy aIncludes Index aComputer Science aComputer science, information & general works